|
|
|
|
| LEADER |
00000nab a2200000 a 4500 |
| 001 |
vtls000716189 |
| 003 |
SK-MaSNL |
| 005 |
20260304123806.0 |
| 008 |
250429c2000 xo 0 slo |
| 015 |
|
|
|a SNBRB2000/03-08691
|
| 035 |
|
|
|a CLN000068356
|
| 035 |
|
|
|a urn:nbn:sk:snk-aba1s3
|
| 035 |
|
|
|a (urnnbn)urn:nbn:sk:snk:ar-a0993l
|
| 035 |
|
|
|a (uuid)444486cc-2ee5-46ba-bd87-c4f7e08e9ad7
|
| 040 |
|
|
|a SNKBUCL
|b slo
|c SNKBUCL
|e AACR2
|
| 041 |
0 |
|
|a slo
|
| 044 |
|
|
|a xo
|c SK
|
| 080 |
|
|
|a 339.54:061.1(100):061.3
|2 1997
|
| 080 |
|
|
|a 339.9
|2 1997
|
| 080 |
|
|
|a 338.1(100)
|2 1997
|
| 100 |
1 |
|
|a Brocková, Ingrid,
|d 1963-
|4 aut
|9 17568
|
| 245 |
1 |
0 |
|a "Občianska diplomacia" globalizácie
|c Ingrid Brocková
|
| 610 |
|
7 |
|a Svetová obchodná organizácia
|x rokovanie
|y 30.11.-4.12.1999
|2 snkbucl
|9 908752
|
| 650 |
0 |
7 |
|a ekonomika svetová
|x globalizácia
|2 snkbucl
|9 847934
|
| 650 |
0 |
7 |
|a globalizácia
|2 snkbucl
|9 3615
|
| 655 |
|
7 |
|a články z novín a časopisov
|2 snkbucl
|9 267496
|
| 773 |
0 |
|
|t OS
|g Č. 2 (2000), s. 18-21
|x 1335-2296
|
| 850 |
|
|
|a Slovenská národná knižnica
|
| 852 |
|
|
|a Slovenská národná knižnica
|
| 954 |
|
|
|a odborná, vedecká literatúra pôvodná (slovenská)
|2 lita
|
| 958 |
|
|
|a article13
|
| 958 |
|
|
|a OND
|
| 958 |
|
|
|a EUIPO
|
| 992 |
|
|
|a RBX
|
| 999 |
|
|
|c 2889986
|d 2891916
|